[Event "XXV C.to Italiano a squadre A"]
[Site "ITA"]
[Date "1993.??.??"]
[Round "4"]
[White "Lostuzzi, Manlio"]
[Black "Barlocco, Carlo"]
[Result "1-0"]
[WhiteElo "2335"]
[BlackElo "2300"]
[PlyCount "59"]
[EventDate "1993.01.31"]

1. e4 e5 2. Nf3 Nc6 3. Bb5 Nd4 4. Bc4 Nxf3+ 5. Qxf3 Qf6 6. Qg3 Bc5 7. Nc3 Ne7
8. d3 d6 9. Bg5 Qg6 10. Bxe7 Kxe7 11. Nd5+ Kd8 12. b4 Bb6 13. a4 c6 14. Nxb6
axb6 15. Qe3 b5 16. Bb3 bxa4 17. O-O b5 18. Qb6+ Ke7 19. f4 Bd7 20. Ba2 Rab8
21. Qe3 Qh6 22. d4 exd4 23. Qxd4 Rhe8 24. Rad1 Be6 25. Bxe6 fxe6 26. Qa7+ Kf8
27. Rxd6 Qf6 28. f5 Kg8 29. fxe6 Qe5 30. Qf7+ 1-0

[Event "XXV C.to Italiano a squadre A"]
[Site "ITA"]
[Date "1993.??.??"]
[Round "4"]
[White "Lucaroni, Massimiliano"]
[Black "Joksic, Sinisa"]
[Result "1-0"]
[WhiteElo "2295"]
[BlackElo "2325"]
[PlyCount "71"]
[EventDate "1993.01.31"]

1. e4 c5 2. Nf3 a6 3. Nc3 e6 4. d4 cxd4 5. Nxd4 d6 6. Be2 Nf6 7. f4 Qb6 8. a3
Nbd7 9. Be3 Qc7 10. O-O Be7 11. Bf3 O-O 12. Qe1 Nb6 13. Rd1 Re8 14. Kh1 Bd7 15.
Qg3 Kh8 16. e5 Nfd5 17. Nf5 exf5 18. Bxd5 dxe5 19. fxe5 Be6 20. Bxe6 fxe6 21.
Bd4 Nc4 22. Ne2 Rad8 23. Nf4 Bf8 24. Rd3 Rc8 25. Rfd1 Rcd8 26. Rc3 b5 27. b3
Qxe5 28. Rcd3 Qc7 29. bxc4 bxc4 30. Bxg7+ Bxg7 31. Rxd8 Rxd8 32. Rxd8+ Qxd8 33.
Qxg7+ Kxg7 34. Nxe6+ Kf6 35. Nxd8 Ke5 36. Kg1 1-0

[Event "XXV C.to Italiano a squadre A"]
[Site "ITA"]
[Date "1993.??.??"]
[Round "4"]
[White "Mauro, Alan"]
[Black "Ciampi, Vincenzo"]
[Result "0-1"]
[WhiteElo "2240"]
[BlackElo "2260"]
[PlyCount "70"]
[EventDate "1993.01.31"]

1. e4 e6 2. d4 d5 3. Nc3 Bb4 4. Qd3 Ne7 5. a3 Bxc3+ 6. bxc3 b6 7. Ne2 Ba6 8.
Qf3 Qd7 9. Ng3 Bxf1 10. Kxf1 f5 11. exf5 Nxf5 12. Nxf5 exf5 13. Bf4 O-O 14. h4
Nc6 15. h5 Rae8 16. g3 Re4 17. Kg2 Nd8 18. Qd3 Ne6 19. Be5 f4 20. Rae1 Rxe1 21.
Rxe1 f3+ 22. Kg1 Ng5 23. Re3 Qh3 24. Qf1 Qxh5 25. Qb5 Nh3+ 26. Kf1 Nf4 27. Ke1
Ng2+ 28. Kd2 Nxe3 29. Kxe3 Qh6+ 30. Kd3 c6 31. Qb3 Qc1 32. c4 Qf1+ 33. Kc3
Qxc4+ 34. Qxc4 dxc4 35. Kxc4 h5 0-1

[Event "XXV C.to Italiano a squadre A"]
[Site "ITA"]
[Date "1993.??.??"]
[Round "4"]
[White "Malloni, Marcello"]
[Black "Mileto, Gabriele"]
[Result "1-0"]
[WhiteElo "2235"]
[BlackElo "2225"]
[PlyCount "69"]
[EventDate "1993.01.31"]

1. e4 e5 2. Bc4 Nf6 3. d3 Nc6 4. Nc3 d6 5. f4 Na5 6. Bb3 Nxb3 7. axb3 g6 8.
fxe5 dxe5 9. Nf3 Bg7 10. Bg5 h6 11. Bh4 Qd6 12. Qd2 O-O 13. O-O Nh5 14. Kh1 Bd7
15. Nd5 g5 16. Bf2 f5 17. Qc3 Nf4 18. Bc5 Nxd5 19. Bxd6 Nxc3 20. Bxf8 Kxf8 21.
bxc3 f4 22. d4 exd4 23. cxd4 c5 24. c3 cxd4 25. cxd4 Bc6 26. Rae1 Ke7 27. Rf2
Kd6 28. Rd2 a5 29. d5 Bb5 30. e5+ Kc5 31. h3 Kb4 32. d6 Bd7 33. e6 Bc3 34. exd7
Bxd2 35. Re8 1-0

[Event "XXV C.to Italiano a squadre A"]
[Site "ITA"]
[Date "1993.??.??"]
[Round "4"]
[White "Marinelli, Tullio"]
[Black "Trabattoni, Franco"]
[Result "1/2-1/2"]
[WhiteElo "2365"]
[BlackElo "2335"]
[PlyCount "115"]
[EventDate "1993.01.31"]

1. d4 Nf6 2. c4 e6 3. Nc3 Bb4 4. Qc2 O-O 5. e3 b6 6. Bd3 d6 7. Nge2 c5 8. O-O
Nc6 9. Ne4 h6 10. a3 Ba5 11. b3 Bb7 12. Bb2 Nxe4 13. Bxe4 d5 14. cxd5 exd5 15.
Bf3 Rc8 16. Qf5 Ne7 17. Qh5 Qd7 18. Rfd1 Rfe8 19. Nf4 Qb5 20. dxc5 Qxb3 21.
Rab1 Qc2 22. Qg4 Qh7 23. Nh5 Qg6 24. Nxg7 Red8 25. cxb6 Bxb6 26. Nh5 Rc4 27.
Nf6+ Kf8 28. Qxg6 fxg6 29. Ng4 h5 30. Ne5 Ra4 31. Bd4 Bxd4 32. Rxd4 Rxd4 33.
exd4 Ba6 34. g3 Kg7 35. Rb4 Rc8 36. h4 Rc1+ 37. Kh2 Bc8 38. Kg2 Rc2 39. Ra4 a6
40. Nd3 Nf5 41. Nf4 Ne3+ 42. Kg1 Rc1+ 43. Kh2 Rc2 44. Be2 Nc4 45. Kg1 a5 46.
Bxc4 dxc4 47. d5 Bf5 48. Ne6+ Kf6 49. Nd4 Rc1+ 50. Kg2 Be4+ 51. f3 Bxd5 52.
Rxa5 Ke5 53. Ne2 Rc2 54. Kf2 Rb2 55. Ke3 Rb3+ 56. Kd2 Rb2+ 57. Ke3 Rb3+ 58. Kd2
1/2-1/2

[Event "XXV C.to Italiano a squadre A"]
[Site "ITA"]
[Date "1993.??.??"]
[Round "4"]
[White "Mocchi, Tullio"]
[Black "Caloni, Ugo"]
[WhiteElo "1969"]
[BlackElo "1800"]
[Result "1/2-1/2"]
[PlyCount "157"]
[EventDate "1993.01.31"]

1. d4 d5 2. c4 c6 3. Nf3 Nf6 4. Nc3 e6 5. e3 Bd6 6. Bd3 Nbd7 7. O-O O-O 8. e4
dxe4 9. Nxe4 Nxe4 10. Bxe4 e5 11. dxe5 Nxe5 12. Nxe5 Bxe5 13. Bxh7+ Kxh7 14.
Qh5+ Kg8 15. Qxe5 Re8 16. Qc3 Bf5 17. Be3 Re6 18. Rad1 Qe7 19. Bf4 Re8 20. h3
Re4 21. Bd2 Be6 22. b3 Bf5 23. Rfe1 Qa3 24. Rxe4 Rxe4 25. Bc1 Qe7 26. Be3 a6
27. Qd2 Kh7 28. Qe2 Bg6 29. Qd2 Bf5 30. Qd6 Qxd6 31. Rxd6 Re7 32. c5 Be6 33.
Kf1 f6 34. Bd2 Kg6 35. f3 Bf5 36. Kf2 Bb1 37. a3 Bc2 38. b4 Kf7 39. Be3 Bb3 40.
Ke2 Bc4+ 41. Kd2 Bd5 42. Rd8 Re8 43. Rxe8 Kxe8 44. Bd4 Kf7 45. Ke3 Ke6 46. Kf4
Bc4 47. h4 Bd3 48. h5 Be2 49. Ke3 Bd1 50. Kf4 Be2 51. g4 Kf7 52. Kg3 Bd1 53.
Kf2 Bb3 54. f4 Bd1 55. Kg3 Be2 56. Kh4 Bd1 57. g5 fxg5+ 58. fxg5 Bc2 59. g6+
Kf8 60. Be5 Bd3 61. Bc7 Bc2 62. Kg5 Bd3 63. h6 gxh6+ 64. Kxh6 Kg8 65. Kg5 Kg7
66. Be5+ Kf8 67. Bc7 Bc4 68. Kf6 Bd3 69. g7+ Kg8 70. Bd8 Bc4 71. Ke7 Kxg7 72.
Kd6 Bb5 73. Kc7 Kf7 74. Kxb7 Ke8 75. Kc8 Ba4 76. Bc7 Ke7 77. Kb7 Kd7 78. Bd6
Bb5 79. Kb6 1/2-1/2

[Event "XXV C.to Italiano a squadre A"]
[Site "ITA"]
[Date "1993.??.??"]
[Round "4"]
[White "Niederstaetter, Harald"]
[Black "Sabatini, Mario"]
[WhiteElo "1863"]
[BlackElo "2039"]
[Result "1/2-1/2"]
[PlyCount "42"]
[EventDate "1993.01.31"]

1. e4 c5 2. c3 d5 3. exd5 Qxd5 4. d4 Nf6 5. Nf3 Bg4 6. Be2 e6 7. O-O Be7 8.
Qa4+ Nc6 9. Rd1 O-O 10. dxc5 Qxc5 11. Be3 Qa5 12. Qxa5 Nxa5 13. b4 Nc6 14. h3
Bh5 15. g4 Bg6 16. Nd4 Nxd4 17. Bxd4 Nd5 18. Nd2 b6 19. a3 Rac8 20. c4 Nf4 21.
Bf1 Rfd8 1/2-1/2

[Event "XXV C.to Italiano a squadre A"]
[Site "ITA"]
[Date "1993.??.??"]
[Round "4"]
[White "Passoni, Carlo"]
[Black "Bellia, Fabrizio"]
[Result "0-1"]
[WhiteElo "2230"]
[BlackElo "2290"]
[PlyCount "83"]
[EventDate "1993.01.31"]

1. e4 e5 2. Nf3 Nc6 3. Bb5 a6 4. Ba4 Nf6 5. O-O Be7 6. Re1 b5 7. Bb3 d6 8. c3
O-O 9. d4 Bg4 10. d5 Na5 11. Bc2 c6 12. h3 Bc8 13. dxc6 Qc7 14. Nbd2 Qxc6 15.
a4 Bb7 16. Bd3 Nc4 17. Qb3 Nxd2 18. Bxd2 bxa4 19. Rxa4 Qc7 20. Bg5 Nd7 21. Be3
Kh8 22. Rc4 Bc6 23. Rb4 a5 24. Rc4 Nc5 25. Bxc5 dxc5 26. Qc2 Bb5 27. Nh2 Qd6
28. Bf1 h5 29. Ra4 Bxa4 30. Qxa4 Qd2 31. Nf3 Qxb2 32. Qd7 Bf6 33. Qf5 h4 34.
Bc4 Kg8 35. Bd5 Rae8 36. Nh2 Qxc3 37. Rd1 Qc2 38. Qf3 Bg5 39. Nf1 Bf4 40. Ne3
Bxe3 41. fxe3 Re7 42. Rf1 0-1

[Event "XXV C.to Italiano a squadre A"]
[Site "ITA"]
[Date "1993.??.??"]
[Round "4"]
[White "Previati, Marco"]
[Black "Garofalo, Pietro"]
[WhiteElo "2004"]
[BlackElo "1970"]
[Result "1-0"]
[PlyCount "81"]
[EventDate "1993.01.31"]

1. e4 Nf6 2. e5 Nd5 3. d4 d6 4. c4 Nb6 5. exd6 cxd6 6. d5 e5 7. Nc3 Be7 8. Bd3
N8d7 9. b3 Nc5 10. Bc2 a5 11. Ba3 Nbd7 12. Nge2 O-O 13. O-O g6 14. Kh1 b6 15.
Rb1 f5 16. f4 exf4 17. Nxf4 Bf6 18. Nb5 Ne5 19. Ne6 Nxe6 20. dxe6 Bxe6 21. Bxd6
Ng4 22. Bxf8 Qxf8 23. Qf3 Rd8 24. Rbd1 Rxd1 25. Bxd1 Qb8 26. Qh3 Be5 27. Bxg4
fxg4 28. Qe3 Bd7 29. Qe4 Bf5 30. Qd5+ Kh8 31. Nd4 Bxh2 32. Nxf5 gxf5 33. Qxf5
Bd6 34. Qxg4 Qe8 35. Qf5 Bc5 36. Qf6+ Kg8 37. Qg5+ Kh8 38. Qf6+ Kg8 39. Qf5 Qd8
40. Qf7+ Kh8 41. Qf6+ 1-0

[Event "XXV C.to Italiano a squadre A"]
[Site "ITA"]
[Date "1993.??.??"]
[Round "4"]
[White "Quinto, Gianni"]
[Black "Cambi, Renzo"]
[Result "1-0"]
[WhiteElo "2067"]
[BlackElo "1947"]
[PlyCount "75"]
[EventDate "1993.01.31"]

1. d4 Nf6 2. c4 e6 3. Nf3 b6 4. g3 Bb7 5. Bg2 Be7 6. O-O O-O 7. Nc3 d6 8. Qc2
Nbd7 9. b3 c5 10. d5 exd5 11. Nh4 Ne4 12. Nxd5 Bxd5 13. cxd5 Bxh4 14. gxh4 Nef6
15. Bf4 Qe7 16. Rad1 Rfe8 17. Rfe1 Rad8 18. e4 Ne5 19. Bg3 Nh5 20. Qe2 g6 21.
f4 Nd7 22. Bf3 Nxg3 23. hxg3 f6 24. a4 f5 25. Qc4 Qg7 26. Kf2 fxe4 27. Rxe4
Rxe4 28. Qxe4 Nf6 29. Qe6+ Qf7 30. Re1 Kf8 31. f5 gxf5 32. Qxf5 Re8 33. Rxe8+
Qxe8 34. Qxf6+ Qf7 35. Qxf7+ Kxf7 36. Ke3 Kf6 37. Kf4 a6 38. Be2 1-0

[Event "XXV C.to Italiano a squadre A"]
[Site "ITA"]
[Date "1993.??.??"]
[Round "4"]
[White "Racioppo, Paolo"]
[Black "Verrascina, Roberto"]
[Result "1/2-1/2"]
[WhiteElo "2114"]
[BlackElo "2240"]
[PlyCount "91"]
[EventDate "1993.01.31"]

1. e4 Nf6 2. e5 Nd5 3. c4 Nb6 4. d4 d6 5. exd6 cxd6 6. Bd3 g6 7. Nc3 Bg7 8.
Nge2 O-O 9. O-O e5 10. d5 Na6 11. b3 Re8 12. Be3 f5 13. f4 exf4 14. Bxf4 Nc5
15. Rc1 Qe7 16. b4 Nxd3 17. Qxd3 g5 18. Bg3 f4 19. Bf2 Nd7 20. c5 Ne5 21. Qe4
Qf7 22. Nd4 Ng4 23. Qc2 Qh5 24. h3 Nxf2 25. Qxf2 Re3 26. Nce2 Bxd4 27. Nxd4
Bxh3 28. c6 b6 29. c7 Rg3 30. Ne6 Rc8 31. Qd4 Bxe6 32. dxe6 Qe2 33. Rf2 Qxe6
34. Rd2 Kf7 35. Qxd6 Qxd6 36. Rxd6 Ke7 37. Rh6 f3 38. Rxh7+ Kd6 39. Kf2 Rxg2+
40. Kxf3 Rxa2 41. b5 Rd2 42. Rc6+ Ke5 43. Re7+ Kf5 44. Rf7+ Ke5 45. Re7+ Kf5
46. Rf7+ 1/2-1/2

[Event "XXV C.to Italiano a squadre A"]
[Site "ITA"]
[Date "1993.??.??"]
[Round "4"]
[White "Ratti, Ruggero"]
[Black "D'Amore, Carlo"]
[Result "0-1"]
[WhiteElo "2320"]
[BlackElo "2415"]
[PlyCount "52"]
[EventDate "1993.01.31"]

1. Nf3 d6 2. d4 Nf6 3. g3 g6 4. Bg2 Bg7 5. O-O O-O 6. c4 Nbd7 7. Nc3 e5 8. b3
Re8 9. h3 exd4 10. Nxd4 Nc5 11. Bb2 c6 12. Qc2 Qb6 13. Rfd1 a5 14. Rab1 a4 15.
Bc1 axb3 16. axb3 Na6 17. e4 d5 18. cxd5 cxd5 19. Na4 Qb4 20. exd5 Nxd5 21. Qd2
Bxd4 22. Qxd4 Qxd4 23. Rxd4 Bf5 24. Ra1 Nab4 25. Be3 Nxe3 26. fxe3 Nc2 0-1

[Event "XXV C.to Italiano a squadre A"]
[Site "ITA"]
[Date "1993.??.??"]
[Round "4"]
[White "Rivello, Roberto"]
[Black "Zhu, Dinglong"]
[Result "1/2-1/2"]
[WhiteElo "2235"]
[BlackElo "2320"]
[PlyCount "60"]
[EventDate "1993.01.31"]

1. e4 d5 2. exd5 Qxd5 3. Nc3 Qa5 4. d4 Nf6 5. Nf3 Bg4 6. h3 Bh5 7. g4 Bg6 8.
Ne5 e6 9. Bg2 Be4 10. Bxe4 Nxe4 11. Qf3 Nd6 12. Nxf7 Nxf7 13. Qxb7 Bb4 14. O-O
Bxc3 15. Qxa8 O-O 16. bxc3 Qxc3 17. Be3 Nc6 18. Qb7 Nxd4 19. Bxd4 Qxd4 20. Rad1
Qf4 21. Rd3 Ne5 22. Qxa7 Qc4 23. Qe3 Nxd3 24. cxd3 Qxa2 25. Rc1 Rf7 26. Rc6 Re7
27. Rc4 Qa1+ 28. Kh2 Qa6 29. Rd4 Qc6 30. Kg3 Rd7 1/2-1/2

[Event "XXV C.to Italiano a squadre A"]
[Site "ITA"]
[Date "1993.??.??"]
[Round "4"]
[White "Rizzo, Giovanbattista"]
[Black "Mascellani, Marco"]
[WhiteElo "2015"]
[BlackElo "1947"]
[Result "0-1"]
[PlyCount "96"]
[EventDate "1993.01.31"]

1. Nf3 Nf6 2. c4 g6 3. Nc3 Bg7 4. e4 c5 5. d4 cxd4 6. Nxd4 d6 7. Be2 O-O 8. O-O
Nc6 9. Be3 Bd7 10. Nc2 Rc8 11. Qd2 Ne5 12. b3 a6 13. f3 Re8 14. Rfd1 Qc7 15. a4
b6 16. Nb4 Qb7 17. Nbd5 Rc6 18. Bg5 Nxd5 19. exd5 Rcc8 20. Rac1 h5 21. h3 f6
22. Be3 Nf7 23. Bd3 Ne5 24. Bb1 f5 25. f4 Nf7 26. Bd3 e5 27. dxe6 Rxe6 28. Bf1
Bc6 29. Re1 Rce8 30. Bf2 Be4 31. Ne2 d5 32. Nd4 Rd6 33. Qb4 Kh7 34. c5 Rf6 35.
c6 Qc7 36. Bxa6 Nd8 37. Nb5 Qxf4 38. c7 Nc6 39. Qa3 Ne7 40. Qxe7 Rxe7 41. c8=Q
Qg5 42. g3 Rf8 43. Qc6 f4 44. Qd6 Be5 45. Qb4 fxg3 46. Bd4 Ref7 47. Nc3 g2 48.
Nxe4 Rf1+ 0-1

[Event "XXV C.to Italiano a squadre A"]
[Site "ITA"]
[Date "1993.??.??"]
[Round "4"]
[White "Rossi, Carlo"]
[Black "Facchetti, Gianni"]
[Result "1-0"]
[WhiteElo "2330"]
[BlackElo "2133"]
[PlyCount "101"]
[EventDate "1993.01.31"]

1. e4 e5 2. Nf3 Nc6 3. Be2 Be7 4. O-O d6 5. d4 Bg4 6. d5 Bxf3 7. Bxf3 Nb8 8. c4
Bg5 9. Bxg5 Qxg5 10. Qb3 b6 11. Qb5+ Nd7 12. Nc3 Qd8 13. Qa4 Ngf6 14. Qc2 a5
15. b3 Nf8 16. a3 Ng6 17. g3 h5 18. Nd1 h4 19. Ne3 Ne7 20. Bg2 h3 21. Bf3 Neg8
22. b4 Nh6 23. c5 O-O 24. Rfc1 axb4 25. axb4 bxc5 26. bxc5 Qe7 27. cxd6 cxd6
28. Rxa8 Rxa8 29. Qc6 Rb8 30. Nc4 Ne8 31. Be2 g5 32. Bf1 g4 33. Ra1 Kg7 34. Ra8
Rxa8 35. Qxa8 Ng8 36. Qc8 Ngf6 37. Ne3 Kf8 38. Qf5 Ng7 39. Qc8+ Nge8 40. Nxg4
Nxe4 41. Qf5 Ng5 42. Ne3 Qf6 43. Bxh3 Nxh3+ 44. Qxh3 e4 45. Qc8 Qd4 46. h4 Qe5
47. g4 Qa1+ 48. Kg2 Ke7 49. h5 Nf6 50. Qc7+ Ke8 51. h6 1-0

[Event "XXV C.to Italiano a squadre A"]
[Site "ITA"]
[Date "1993.??.??"]
[Round "4"]
[White "Rosino, Antonio"]
[Black "Stavru, Alessandro"]
[Result "0-1"]
[WhiteElo "2320"]
[BlackElo "2250"]
[PlyCount "36"]
[EventDate "1993.01.31"]

1. e4 c5 2. c3 e5 3. Nf3 Nc6 4. Bc4 Qc7 5. Ng5 Nd8 6. O-O Nf6 7. f4 exf4 8. e5
d5 9. Bb3 Ne4 10. Nf3 c4 11. Ba4+ Bd7 12. d3 cxd3 13. Bxd7+ Qxd7 14. Bxf4 Bc5+
15. Nd4 Qb5 16. Na3 Qxb2 17. Qa4+ Nc6 18. Nab5 Nxc3 0-1

[Event "XXV C.to Italiano a squadre A"]
[Site "ITA"]
[Date "1993.??.??"]
[Round "4"]
[White "Satta, Vladimiro"]
[Black "Bozzi, Gianni"]
[Result "1/2-1/2"]
[WhiteElo "2290"]
[BlackElo "2305"]
[PlyCount "107"]
[EventDate "1993.01.31"]

1. e4 Nf6 2. Nc3 d5 3. e5 d4 4. exf6 dxc3 5. fxg7 cxd2+ 6. Qxd2 Qxd2+ 7. Bxd2
Bxg7 8. O-O-O Nc6 9. Bb5 Bd7 10. Nf3 O-O-O 11. Rhe1 e6 12. Ng5 Rdf8 13. Kb1 h6
14. Ne4 Ne5 15. Bf1 Ng4 16. h3 Nf6 17. Bc3 Nh5 18. Be2 Bxc3 19. Nxc3 Nf4 20.
Bf3 Bc6 21. Bxc6 bxc6 22. Re4 Nxg2 23. Rg1 Rhg8 24. Ne2 e5 25. Rxe5 Nf4 26. Rg3
Rxg3 27. fxg3 Nxh3 28. c3 Ng5 29. Nd4 f6 30. Re7 Rf7 31. Re3 Kd7 32. Nf5 h5 33.
Kc2 c5 34. Kd3 Ne6 35. Kc4 Ng7 36. Nxg7 Rxg7 37. Kxc5 Rg4 38. b3 h4 39. gxh4
Rxh4 40. b4 Rh2 41. a3 Rd2 42. c4 Rd6 43. Rh3 Ke6 44. a4 Rd7 45. Kc6 Rf7 46. c5
Ke5 47. Kb7 f5 48. Kxa7 Kd5 49. Kb7 Kc4 50. b5 Kxc5 51. Rc3+ Kb4 52. Rxc7 Rf6
53. b6 Kxa4 54. Ka7 1/2-1/2

[Event "XXV C.to Italiano a squadre A"]
[Site "ITA"]
[Date "1993.??.??"]
[Round "4"]
[White "Sartori, Antonio"]
[Black "Monteleone, Antonio"]
[WhiteElo "1800"]
[BlackElo "2099"]
[Result "1/2-1/2"]
[PlyCount "84"]
[EventDate "1993.01.31"]

1. e4 e6 2. d4 d5 3. Nd2 c5 4. exd5 exd5 5. Bb5+ Nc6 6. Ne2 Bd6 7. O-O Nge7 8.
dxc5 Bxc5 9. Nb3 Bb6 10. c3 O-O 11. Bg5 Bg4 12. h3 Bh5 13. Qd2 f6 14. Be3 Bc7
15. Bxc6 bxc6 16. Bf4 Bb6 17. Be3 Bxe2 18. Qxe2 Qd6 19. Bxb6 axb6 20. Rfe1 Rfe8
21. a3 Qd7 22. Rad1 Ng6 23. Qc2 c5 24. Nd2 Rxe1+ 25. Rxe1 Re8 26. Rxe8+ Qxe8
27. Nf1 Qe6 28. Qd2 Qe4 29. b4 cxb4 30. axb4 Kf7 31. f3 Qe5 32. Qe3 Qxe3+ 33.
Nxe3 Ke6 34. g3 Ne7 35. Kf2 Nc6 36. Nc2 Ke5 37. Ke3 g6 38. f4+ Ke6 39. Nd4+ Kd6
40. Nxc6 Kxc6 41. g4 h6 42. h4 Kd7 1/2-1/2

[Event "XXV C.to Italiano a squadre A"]
[Site "ITA"]
[Date "1993.??.??"]
[Round "4"]
[White "Schrott, Karl"]
[Black "Pegorari, Pietro"]
[WhiteElo "1785"]
[BlackElo "2011"]
[Result "1-0"]
[PlyCount "79"]
[EventDate "1993.01.31"]

1. c4 c5 2. Nc3 Nc6 3. g3 g6 4. Bg2 Bg7 5. Nf3 e6 6. e4 Nge7 7. O-O O-O 8. d3
a6 9. Be3 Nd4 10. Rb1 Nec6 11. Ne2 e5 12. Nexd4 cxd4 13. Bg5 f6 14. Bd2 Rb8 15.
Nh4 d6 16. Qc2 Bd7 17. f4 f5 18. exf5 gxf5 19. b4 exf4 20. Bxf4 Ne5 21. Bd5+
Kh8 22. b5 axb5 23. cxb5 Rc8 24. Qe2 Rc5 25. Bxe5 Rxd5 26. Bxg7+ Kxg7 27. Qf3
Be6 28. Rbe1 Qf6 29. a4 Rf7 30. Ng2 Re5 31. Nf4 Qe7 32. Qf2 Bd7 33. Qxd4 Kg8
34. Qb4 Rf8 35. Rxe5 Qxe5 36. Re1 Qf6 37. Nd5 Qh6 38. Qf4 Qg7 39. Ne7+ Kh8 40.
Qxd6 1-0

[Event "XXV C.to Italiano a squadre A"]
[Site "ITA"]
[Date "1993.??.??"]
[Round "4"]
[White "Serpi, Andrea"]
[Black "Tommasini, Enzo"]
[WhiteElo "2163"]
[BlackElo "2102"]
[Result "1-0"]
[PlyCount "87"]
[EventDate "1993.01.31"]

1. e4 e6 2. d4 d5 3. e5 c5 4. c3 Qb6 5. Nf3 Bd7 6. Nbd2 Nc6 7. Nb3 cxd4 8. cxd4
Rc8 9. a3 a5 10. Be3 Nge7 11. Nc5 Nf5 12. Nxd7 Kxd7 13. Rb1 f6 14. Qa4 Ke7 15.
Be2 Nxe3 16. fxe3 f5 17. O-O g6 18. b4 axb4 19. Bb5 Kd7 20. Rxb4 Bxb4 21. Qxb4
Qc7 22. Ng5 Rcf8 23. e4 Kc8 24. Qa4 Re8 25. Rc1 Kd7 26. Nxe6 Kxe6 27. exd5+ Kf7
28. dxc6 Qb6 29. Qc4+ Kg7 30. c7 Rxe5 31. Bd7 Re4 32. c8=Q Rxc8 33. Bxc8 Rxd4
34. Qc7+ Qxc7 35. Rxc7+ Kf6 36. Bxb7 Rd2 37. Rxh7 Ra2 38. Rh3 g5 39. Bc6 g4 40.
Rc3 f4 41. a4 Ke5 42. Rc4 g3 43. hxg3 fxg3 44. Kf1 1-0

[Event "XXV C.to Italiano a squadre A"]
[Site "ITA"]
[Date "1993.??.??"]
[Round "4"]
[White "Soprano, Paolo"]
[Black "Iotti, Pierluigi"]
[Result "1-0"]
[WhiteElo "2028"]
[BlackElo "2300"]
[PlyCount "107"]
[EventDate "1993.01.31"]

1. c4 e6 2. Nc3 d5 3. d4 Nf6 4. cxd5 exd5 5. Bg5 Be7 6. e3 c6 7. Bd3 O-O 8. Nf3
Nbd7 9. O-O Re8 10. Qc2 Nf8 11. Bxf6 Bxf6 12. b4 Bg4 13. Nd2 Rc8 14. Rfc1 Be7
15. Rab1 Bd6 16. Nf1 Qh4 17. Bf5 Bxf5 18. Qxf5 Rcd8 19. g3 Qh6 20. b5 Re6 21.
bxc6 bxc6 22. Rb7 Rf6 23. Qg4 a5 24. Ne2 Rg6 25. Qf3 Rf6 26. Qg2 Ba3 27. Rcb1
Bb4 28. Nf4 g5 29. Nd3 Qg6 30. Rb3 Re8 31. a4 Bd6 32. R7b6 Bc7 33. Rb7 Bd6 34.
Rc3 Rfe6 35. h3 h6 36. g4 Qf6 37. Ng3 Rb8 38. Rxb8 Bxb8 39. Nf5 Kh7 40. Nc5 Re8
41. Qf1 Qd8 42. Qb1 Qc7 43. Ng3+ Ng6 44. Na6 Qa7 45. Nxb8 Rxb8 46. Qf5 Rb6 47.
Rc5 Qb7 48. Nh5 Rb1+ 49. Kh2 Qb8+ 50. Ng3 Qc7 51. Qxb1 Kg8 52. Qf5 Nh4 53. Qf6
Qd7 54. Rxa5 1-0

[Event "XXV C.to Italiano a squadre A"]
[Site "ITA"]
[Date "1993.??.??"]
[Round "4"]
[White "Steinfl, Alessandro"]
[Black "Zaninotto, Franco"]
[Result "1/2-1/2"]
[WhiteElo "2260"]
[BlackElo "2265"]
[PlyCount "124"]
[EventDate "1993.01.31"]

1. d4 Nf6 2. Nf3 g6 3. Bg5 Bg7 4. Nbd2 d5 5. e3 O-O 6. Be2 c5 7. c3 Qb6 8. Qb3
Nc6 9. O-O Bg4 10. h3 Bxf3 11. Bxf3 Qxb3 12. Nxb3 cxd4 13. cxd4 Rfd8 14. Rac1
Rac8 15. a3 e6 16. Rc2 Ne7 17. Rfc1 Rxc2 18. Rxc2 Rc8 19. Rxc8+ Nxc8 20. Na5
Nd6 21. Bf4 Nfe8 22. Kf1 Kf8 23. Ke1 Ke7 24. Bd1 Kd8 25. f3 Kc8 26. Kd2 Bf6 27.
Kc3 Bd8 28. Nb3 b6 29. Nd2 Be7 30. g4 Nb5+ 31. Kd3 Kd7 32. Ba4 a6 33. Nb1 Kc6
34. Nc3 Ned6 35. Bxd6 Bxd6 36. e4 Be7 37. f4 Bd6 38. f5 gxf5 39. gxf5 Be7 40.
exd5+ exd5 41. Bxb5+ axb5 42. b4 Bg5 43. a4 bxa4 44. b5+ Kd6 45. Nxa4 Kc7 46.
Ke2 Bf6 47. Ke3 Bg5+ 48. Kd3 Bf6 49. Nc3 Kd6 50. Nd1 Bg5 51. Nf2 h5 52. Nd1 Ke7
53. Nc3 Kd6 54. Ne2 Ke7 55. h4 Bxh4 56. Nf4 Kd6 57. Nxh5 Bg5 58. Ke2 Bc1 59.
Kf3 Bb2 60. Ke3 Bc1+ 61. Ke2 Bb2 62. Kd3 Bc1 1/2-1/2

[Event "XXV C.to Italiano a squadre A"]
[Site "ITA"]
[Date "1993.??.??"]
[Round "4"]
[White "Tan, Chengxuan"]
[Black "Sarno, Spartaco"]
[Result "1/2-1/2"]
[WhiteElo "2370"]
[BlackElo "2410"]
[PlyCount "68"]
[EventDate "1993.01.31"]

1. e4 d6 2. d4 Nf6 3. Nc3 g6 4. Nf3 Bg7 5. h3 O-O 6. Be3 a6 7. a4 b6 8. Bc4 e6
9. d5 e5 10. O-O Kh8 11. Ne1 Ng8 12. Nd3 Nd7 13. f4 exf4 14. Bxf4 Qe7 15. Qd2
Ne5 16. Bb3 a5 17. Bg5 Qd7 18. Nxe5 Bxe5 19. Bc4 f6 20. Be3 Qg7 21. Rf3 Bd7 22.
Bd4 Rae8 23. Bb5 Bxd4+ 24. Qxd4 Re5 25. Raf1 Bc8 26. Bd3 Bd7 27. Qc4 Bc8 28.
Nb5 Ba6 29. Qxc7 Bxb5 30. Qxg7+ Kxg7 31. axb5 Ne7 32. Ra1 Nc8 33. Ra3 Re7 34.
Rc3 Rd8 1/2-1/2

[Event "XXV C.to Italiano a squadre A"]
[Site "ITA"]
[Date "1993.??.??"]
[Round "4"]
[White "Tatai, Stefano"]
[Black "Rogulj, Branko"]
[Result "1/2-1/2"]
[WhiteElo "2440"]
[BlackElo "2415"]
[PlyCount "70"]
[EventDate "1993.01.31"]

1. e4 Nf6 2. e5 Nd5 3. d4 d6 4. Nf3 Bg4 5. Be2 c6 6. c4 Nb6 7. Nbd2 dxe5 8.
dxe5 Bxf3 9. Nxf3 Qxd1+ 10. Kxd1 e6 11. Be3 N8d7 12. Kc2 Bc5 13. Bxc5 Nxc5 14.
Rhd1 a5 15. Rd4 h6 16. Rad1 Ke7 17. b3 Rhd8 18. Rxd8 Rxd8 19. Rxd8 Kxd8 20. Nd2
Nbd7 21. f4 f6 22. exf6 Nxf6 23. Bf3 e5 24. fxe5 Nfd7 25. Kc3 Nxe5 26. Kd4 Ncd7
27. c5 Ke7 28. Be2 Ke6 29. a3 Nf6 30. h3 Nfd7 31. Nf1 b6 32. cxb6 c5+ 33. Ke4
Nf6+ 34. Ke3 Nd5+ 35. Ke4 Nf6+ 1/2-1/2

[Event "XXV C.to Italiano a squadre A"]
[Site "ITA"]
[Date "1993.??.??"]
[Round "4"]
[White "Tassi, Oliviero"]
[Black "Bianco, Valerio"]
[Result "1/2-1/2"]
[WhiteElo "2320"]
[BlackElo "2235"]
[PlyCount "82"]
[EventDate "1993.01.31"]

1. e4 d6 2. d4 Nf6 3. Nc3 g6 4. Bc4 c6 5. Bb3 Bg7 6. Nge2 Nbd7 7. f3 b5 8. a3
Rb8 9. Be3 Qc7 10. O-O c5 11. Kh1 a6 12. Qd2 h5 13. Rae1 Bb7 14. e5 dxe5 15.
dxe5 Nxe5 16. Bf4 c4 17. Nd4 Nfd7 18. Ba2 Rd8 19. Qe3 O-O 20. b4 Qb6 21. Nf5
gxf5 22. Qxb6 Nxb6 23. Bxe5 e6 24. Kg1 Rd2 25. Rf2 Rd7 26. Bxg7 Kxg7 27. a4
bxa4 28. Re5 Rfd8 29. Rc5 Rd2 30. Bxc4 Rxf2 31. Kxf2 Rd2+ 32. Be2 Rxc2 33. Nxa4
Rxe2+ 34. Kxe2 Nxa4 35. Rc7 Bd5 36. Kd3 Kf6 37. Kd4 Nb6 38. Kc5 Na4+ 39. Kd4
Nb6 40. Kc5 Na4+ 41. Kd4 Nb6 1/2-1/2

[Event "XXV C.to Italiano a squadre A"]
[Site "ITA"]
[Date "1993.??.??"]
[Round "4"]
[White "Vancini, Edoardo"]
[Black "Bellomo, Francesco"]
[Result "0-1"]
[WhiteElo "2285"]
[BlackElo "2365"]
[PlyCount "44"]
[EventDate "1993.01.31"]

1. e4 c5 2. c3 e6 3. d4 d5 4. exd5 exd5 5. Nf3 Nf6 6. Bb5+ Bd7 7. Bxd7+ Nbxd7
8. O-O Be7 9. dxc5 Nxc5 10. Nbd2 O-O 11. Nb3 Nce4 12. Nfd4 Bd6 13. f3 Nc5 14.
Nxc5 Bxc5 15. Be3 Nd7 16. Kh1 Re8 17. Re1 Nb6 18. Nf5 Bxe3 19. Nxe3 Qh4 20. g3
Qf6 21. Kg2 Rad8 22. Qd3 d4 0-1